000 01122cam a22003257a 4500
003 CHAP
005 20220329140835.0
008 971013s1976 r 00010 d
010 _a58448
011 _a59420
035 _a63578
040 _cCHAP
090 _aTesis
100 0 0 _aSucre Ortega, Francisco José.
_9110173
245 0 _aEstudio preliminar sobre la utilización de la consuelda (Symphytum peregrinum Ledeb), en la alimentación de conejos de engorda
260 _a(Monterrey, N.L.) :
_bEl autor,
_c1976
300 _a60 h.
_b: gráfs.
502 _aTesis (Ing. Agr. Zootecnista) -- ITESM. Div. de Ciencias Agropecuarias y Marítimas
590 _aALEPH
_b10
_c20130110
_lUCH01
_h1336
590 _aBATCH-UPD
_b10
_c20130110
_lUCH01
_h0851
590 _aBATCH-UPD
_b10
_c20130410
_lUCH01
_h0523
590 _aBATCH-UPD
_b10
_c20130914
_lUCH01
_h1027
590 _aCONVERSION
_b10
_c20130109
_lUCH01
_h1331
650 4 _aConejos
_xEngorda.
_926363
650 1 4 _aConejos
_xAlimentación.
_926353
650 1 4 _aConsuelda.
_927398
901 _aBK
942 _cTESIS
949 _bBC
_cTES
_d-136700
_eTS1
_i63578
_si
999 _c58448
_d58448